100 flores argentinas /

Guardado en:
Autor Principal: Haene, Eduardo
Formato: Libro
Publicado: Buenos Aires : Albatros, 2007
Materias:
Etiquetas: Agregar Etiqueta
Sin Etiquetas, Sea el primero en etiquetar este registro!
LEADER 00470nam a22001695a 4500
001 CEM.cems017173
005 20090818110135.0
008 130507s2007##################000#0#####d
003 CEMS
020 |a 9789502411705 
082 0 4 |a 635.9 
100 1 |a Haene, Eduardo 
245 1 0 |a 100 flores argentinas /  |c Eduardo Haene 
260 |a Buenos Aires :  |b Albatros,  |c 2007 
300 |a 128 p. 
653 |a Flores argentinas 
859 |a CEMS  |b BIB. CEMS - Agricultura  |h 635.9  |i H118  |p A0899.09  |t Ej.1